[Event "Turkey Cup 2020"]
[Site "Antalya-Belek"]
[Date "2020.01.28"]
[Round "4.42"]
[White "Unal, Yusuf Evcim"]
[Black "Buke, Furkan"]
[Result "0-1"]
[WhiteElo "1680"]
[BlackElo "2041"]
[Annotator "NA"]
[PlyCount "72"]
[EventDate "2020.01.26"]
[EventType "swiss"]
[EventCountry "TUR"]
[SourceTitle "playchess.com"]
[Source "ChessBase"]
[SourceQuality "1"]

1. d4 Nf6 2. Bf4 d5 3. e3 e6 4. Nf3 Bd6 5. Bg3 O-O 6. Ne5 c5 7. c3 Nc6 8. Nd2 Qc7 9. f4 Ne7 10. Bd3 Nf5 11. Bf2 Be7 12. g4 Nd6 13. g5 Nfe4 14. Bxe4 dxe4 15. Qh5 b5 16. Ng4 Bb7 17. Rg1 Kh8 18. g6 fxg6 19. Qxc5 Qxc5 20. dxc5 Nf7 21. b4 h5 22. Ne5 Nxe5 23. fxe5 g5 24. Nb3 Bd5 25. Nd4 a6 26. a4 bxa4 27. Rxa4 g4 28. h3 gxh3 29. Rh1 g5 30. Rxh3 h4 31. Kf1 g4 32. Rh2 g3 33. Rg2 gxf2 34. Rxf2 Bg5 35. Rxf8+ Rxf8+ 36. Ke1 h3 0-1

[Event "Turkey Cup 2020"]
[Site "Antalya-Belek"]
[Date "2020.01.28"]
[Round "4.43"]
[White "Makaraci, Tunahan"]
[Black "Ozata, Doruk"]
[Result "1-0"]
[WhiteElo "2029"]
[BlackElo "1699"]
[Annotator "NA"]
[PlyCount "67"]
[EventDate "2020.01.26"]
[EventType "swiss"]
[EventCountry "TUR"]
[SourceTitle "playchess.com"]
[Source "ChessBase"]
[SourceQuality "1"]

1. e4 c5 2. Nf3 Nc6 3. d4 cxd4 4. Nxd4 Nf6 5. Nc3 e5 6. Ndb5 d6 7. Bg5 a6 8. Bxf6 gxf6 9. Na3 b5 10. Nd5 Bg7 11. Bd3 Ne7 12. Nxe7 Qxe7 13. O-O Be6 14. c4 b4 15. Nc2 a5 16. b3 Qb7 17. Ne3 Rc8 18. Qf3 h5 19. Rad1 Rc5 20. Bc2 Qe7 21. Rd3 h4 22. Rfd1 Rc6 23. Nd5 Bxd5 24. Rxd5 Qc7 25. Qg4 Bf8 26. h3 Rh6 27. Bd3 Rc5 28. Be2 Rxd5 29. Rxd5 Be7 30. Qg8+ Bf8 31. c5 Qc6 32. cxd6 Rg6 33. d7+ Qxd7 34. Qxf8+ 1-0

[Event "Turkey Cup 2020"]
[Site "Antalya-Belek"]
[Date "2020.01.28"]
[Round "4.44"]
[White "Caliskan, Seha"]
[Black "Demircin, Kasim"]
[Result "1-0"]
[WhiteElo "1673"]
[BlackElo "1915"]
[Annotator "NA"]
[PlyCount "75"]
[EventDate "2020.01.26"]
[EventType "swiss"]
[EventCountry "TUR"]
[SourceTitle "playchess.com"]
[Source "ChessBase"]
[SourceQuality "1"]

1. d4 Nf6 2. Nf3 e6 3. e3 c5 4. Bd3 d5 5. O-O Be7 6. b3 cxd4 7. exd4 O-O 8. Bb2 Nc6 9. c4 b6 10. Nbd2 Bb7 11. Re1 Nb4 12. Bb1 Rc8 13. Ne5 Re8 14. Ndf3 Bf8 15. Ng5 Rc7 16. Re3 g6 17. Rg3 Bg7 18. a3 Nc6 19. Rd3 h6 20. Ngf3 Na5 21. Nd2 Qe7 22. Ba2 Rd8 23. Rc1 Nh5 24. Re3 Nf4 25. Ndf3 Rdc8 26. Nd3 Nxd3 27. Qxd3 h5 28. Re2 Bh6 29. Rc3 Ba6 30. Rec2 Bf4 31. Qf1 Bd6 32. Qc1 dxc4 33. bxc4 Bb7 34. d5 exd5 35. cxd5 Rc5 36. Rxc5 Bxc5 37. Qh6 f6 38. d6+ 1-0

[Event "Turkey Cup 2020"]
[Site "Antalya-Belek"]
[Date "2020.01.28"]
[Round "4.45"]
[White "Okus, Melih"]
[Black "Ince, Taylan Ruzgar"]
[Result "0-1"]
[WhiteElo "1933"]
[BlackElo "1704"]
[Annotator "NA"]
[PlyCount "88"]
[EventDate "2020.01.26"]
[EventType "swiss"]
[EventCountry "TUR"]
[SourceTitle "playchess.com"]
[Source "ChessBase"]
[SourceQuality "1"]

1. d4 Nf6 2. Bf4 g6 3. Nf3 Bg7 4. Nbd2 d5 5. h3 O-O 6. e3 c5 7. c3 Qb6 8. Qb3 c4 9. Qa3 Nc6 10. b3 cxb3 11. axb3 Ne4 12. Nxe4 dxe4 13. Nd2 e5 14. Nc4 Qc7 15. Bh2 Be6 16. Be2 Rfd8 17. O-O b5 18. Nd2 Qb6 19. Nxe4 b4 20. cxb4 exd4 21. b5 d3 22. Bg4 Bxg4 23. bxc6 Qxc6 24. Rac1 Qxe4 25. hxg4 Qxg4 26. Rcd1 Rd7 27. b4 Rad8 28. Qb3 Qf5 29. Rd2 Qb5 30. Ra2 d2 31. Rd1 Qe2 32. Bf4 Qe1+ 33. Kh2 Qxf2 34. Bg5 Be5+ 35. Bf4 Bxf4+ 36. exf4 Rd5 37. Ra5 Qxf4+ 38. Kg1 Qd4+ 39. Kh2 Rxa5 40. bxa5 Rd5 41. a6 Rh5+ 42. Kg3 Qe5+ 43. Kf2 Rf5+ 44. Kg1 Qe1+ 0-1

[Event "Turkey Cup 2020"]
[Site "Antalya-Belek"]
[Date "2020.01.28"]
[Round "4.46"]
[White "Hazinedaroglu, Gokay"]
[Black "Can, Furkan"]
[Result "0-1"]
[WhiteElo "1510"]
[BlackElo "1980"]
[Annotator "NA"]
[PlyCount "110"]
[EventDate "2020.01.26"]
[EventType "swiss"]
[EventCountry "TUR"]
[SourceTitle "playchess.com"]
[Source "ChessBase"]
[SourceQuality "1"]

1. d4 d5 2. Nf3 Nf6 3. e3 Bf5 4. Bd3 Bxd3 5. Qxd3 c6 6. Nbd2 Nbd7 7. b3 e6 8. Bb2 Bd6 9. c4 Qe7 10. cxd5 exd5 11. a3 a5 12. O-O O-O 13. Rfe1 Ne4 14. Nf1 f5 15. Ng3 Rf6 16. Nd2 Raf8 17. Ndf1 Rh6 18. f4 g5 19. Bc1 g4 20. Nxe4 fxe4 21. Qe2 Qh4 22. g3 Qh5 23. Bd2 Bc7 24. Rec1 Qf5 25. Ra2 Bb6 26. b4 axb4 27. axb4 Rg6 28. Rca1 h5 29. Ra8 Rgf6 30. Rxf8+ Rxf8 31. Bc3 Kf7 32. Be1 Qf6 33. Ra2 Kg6 34. Kg2 Qf5 35. Nd2 Nf6 36. Nb3 Qd7 37. Bc3 Kf5 38. Nc5 Qh7 39. Be1 Bxc5 40. dxc5 d4 41. exd4 Nd5 42. b5 h4 43. Qf2 hxg3 44. Qxg3 cxb5 45. Bd2 e3 46. Bxe3 Qh3+ 47. Kf2 Qxg3+ 48. hxg3 Rh8 49. Re2 Nc3 50. Re1 Rh2+ 51. Kg1 Rc2 52. Bf2 Ne4 53. Rf1 b4 54. d5 b3 55. d6 Nxf2 0-1

[Event "Turkey Cup 2020"]
[Site "Antalya-Belek"]
[Date "2020.01.28"]
[Round "4.47"]
[White "Pek, Efe Can"]
[Black "Gokbulut, Julia"]
[Result "0-1"]
[WhiteElo "1602"]
[BlackElo "1989"]
[Annotator "NA"]
[PlyCount "58"]
[EventDate "2020.01.26"]
[EventType "swiss"]
[EventCountry "TUR"]
[SourceTitle "playchess.com"]
[Source "ChessBase"]
[SourceQuality "1"]

1. d4 d5 2. c4 e6 3. Nc3 Nf6 4. Nf3 c6 5. Bg5 h6 6. Bh4 Be7 7. e3 O-O 8. Qc2 a6 9. Rc1 dxc4 10. Bxc4 Nbd7 11. O-O Nd5 12. Bxe7 Qxe7 13. e4 Nxc3 14. Qxc3 c5 15. d5 b5 16. dxe6 fxe6 17. Bd3 c4 18. Bb1 Bb7 19. Rfe1 Rad8 20. Rcd1 Nc5 21. Rxd8 Rxd8 22. Nd4 Na4 23. Qe3 Nxb2 24. e5 Qd7 25. Nf3 b4 26. Nh4 Qd2 27. Qxd2 Rxd2 28. h3 c3 29. Rc1 Nd3 0-1

[Event "Turkey Cup 2020"]
[Site "Antalya-Belek"]
[Date "2020.01.28"]
[Round "4.48"]
[White "Gozubuyukoglu, Selami"]
[Black "Ozalp, Burak"]
[Result "0-1"]
[WhiteElo "1716"]
[BlackElo "1897"]
[Annotator "NA"]
[PlyCount "66"]
[EventDate "2020.01.26"]
[EventType "swiss"]
[EventCountry "TUR"]
[SourceTitle "playchess.com"]
[Source "ChessBase"]
[SourceQuality "1"]

1. e4 g6 2. Nf3 Bg7 3. d4 d6 4. Bd3 Nd7 5. Be3 e5 6. d5 Ngf6 7. h3 O-O 8. c4 a5 9. Nc3 b6 10. Qd2 Nc5 11. Bc2 Bd7 12. O-O Nh5 13. g4 Qf6 14. Kg2 Nf4+ 15. Kg3 g5 16. Rad1 h5 17. Ng1 hxg4 18. f3 gxh3 19. Kh2 Qh6 20. Nge2 f6 21. Ng3 Kf7 22. b3 Rh8 23. a3 Ng2 24. Bg1 g4 25. Qf2 Nf4 26. fxg4 Bxg4 27. Rb1 Qh4 28. Qe3 Bh6 29. Qf2 Rag8 30. b4 axb4 31. axb4 Ncd3 32. Bxd3 Nxd3 33. Qc2 Qxg3+ 0-1

[Event "Turkey Cup 2020"]
[Site "Antalya-Belek"]
[Date "2020.01.28"]
[Round "4.49"]
[White "Dogdu, Mehmet"]
[Black "Ataer, Arda Burak"]
[Result "1-0"]
[WhiteElo "1914"]
[BlackElo "1762"]
[Annotator "NA"]
[PlyCount "67"]
[EventDate "2020.01.26"]
[EventType "swiss"]
[EventCountry "TUR"]
[SourceTitle "playchess.com"]
[Source "ChessBase"]
[SourceQuality "1"]

1. d4 Nf6 2. c4 g6 3. Nc3 Bg7 4. e4 d6 5. Be2 O-O 6. g4 c5 7. d5 e6 8. h4 exd5 9. cxd5 Re8 10. f3 h5 11. g5 Nh7 12. Nh3 a6 13. a4 Qa5 14. Bd2 Qb4 15. Nb5 Qxb2 16. Rb1 Qe5 17. Bf4 Qe7 18. Nxd6 Rd8 19. Nxc8 Rxc8 20. Bc4 Rd8 21. Rb6 Nc6 22. O-O Ne5 23. Qb3 Rd7 24. Bg3 Kh8 25. Re1 f6 26. Re6 Qf7 27. gxf6 Bxf6 28. Rxe5 Bxe5 29. Bxe5+ Nf6 30. Qc3 Kg7 31. d6 Qf8 32. Ng5 Rxd6 33. Bxd6 Qxd6 34. e5 1-0

[Event "Turkey Cup 2020"]
[Site "Antalya-Belek"]
[Date "2020.01.28"]
[Round "4.50"]
[White "Ilcin, Murat Veysi"]
[Black "Yaylali, Adnan Dogan"]
[Result "1/2-1/2"]
[WhiteElo "1605"]
[BlackElo "1947"]
[Annotator "NA"]
[PlyCount "97"]
[EventDate "2020.01.26"]
[EventType "swiss"]
[EventCountry "TUR"]
[SourceTitle "playchess.com"]
[Source "ChessBase"]
[SourceQuality "1"]

1. d4 Nf6 2. c4 c5 3. d5 e5 4. Nc3 d6 5. e4 Be7 6. Nf3 O-O 7. h3 Nbd7 8. Bd3 Nh5 9. O-O g6 10. Bh6 Ng7 11. Qd2 Nf6 12. Ne2 Kh8 13. Bg5 Ng8 14. Bxe7 Qxe7 15. Nh2 f5 16. f4 fxe4 17. Bxe4 Bd7 18. fxe5 Qxe5 19. Bd3 Nf5 20. Ng4 Qg7 21. Rae1 Rae8 22. Qc3 h5 23. Nh2 Re3 24. Rf3 Qxc3 25. bxc3 Rfe8 26. Kf2 Rxf3+ 27. Nxf3 Nf6 28. Nf4 Rxe1 29. Kxe1 Kg7 30. Ng5 Ne8 31. Nge6+ Bxe6 32. Nxe6+ Kf6 33. Kf2 Ne7 34. Nd8 b5 35. Nc6 Nxc6 36. dxc6 bxc4 37. Bxc4 Nc7 38. h4 d5 39. Bd3 Ne6 40. Ke3 c4 41. Be2 Ke7 42. g4 hxg4 43. Bxg4 Nc7 44. Kd4 Kd6 45. a4 Na6 46. Bf3 Nc7 47. Bg4 Na6 48. Bf3 Nc7 49. Bg4 1/2-1/2

[Event "Turkey Cup 2020"]
[Site "Antalya-Belek"]
[Date "2020.01.28"]
[Round "4.51"]
[White "Kirali, Mehmet"]
[Black "Polat, Ahmet Eren"]
[Result "1-0"]
[WhiteElo "1890"]
[BlackElo "1641"]
[Annotator "NA"]
[PlyCount "91"]
[EventDate "2020.01.26"]
[EventType "swiss"]
[EventCountry "TUR"]
[SourceTitle "playchess.com"]
[Source "ChessBase"]
[SourceQuality "1"]

1. d4 d6 2. Nf3 g6 3. c4 Bg7 4. Nc3 Nf6 5. e4 Bg4 6. Be2 Nfd7 7. Be3 O-O 8. Qd2 Nc6 9. O-O e5 10. d5 Bxf3 11. Bxf3 Nd4 12. Bd1 c5 13. dxc6 bxc6 14. b4 a6 15. a4 Nb6 16. Qd3 d5 17. c5 dxe4 18. Qxe4 f5 19. Qb1 Nd7 20. a5 Kh8 21. Na4 e4 22. Nb6 Ra7 23. Ra2 Ne5 24. Rd2 Nd3 25. Ba4 Rc7 26. Rfd1 Qh4 27. Rxd3 exd3 28. Qxd3 Rd8 29. Qxa6 Be5 30. h3 Kg7 31. Qf1 Nb5 32. Rxd8 Qxd8 33. Nc4 Bc3 34. Bxb5 cxb5 35. Nd6 Be5 36. Qd3 Rd7 37. Bd4 Qe7 38. Qc3 Bxd4 39. Qxd4+ Kg8 40. g3 Qe2 41. Qd5+ Kf8 42. c6 Re7 43. Nxb5 Qe1+ 44. Kg2 Qxb4 45. c7 Re8 46. Qd6+ 1-0

[Event "Turkey Cup 2020"]
[Site "Antalya-Belek"]
[Date "2020.01.28"]
[Round "4.52"]
[White "Kaynar, Mustafa Deniz"]
[Black "Hatipli, Mehmet"]
[Result "1-0"]
[WhiteElo "1555"]
[BlackElo "1873"]
[Annotator "NA"]
[PlyCount "123"]
[EventDate "2020.01.26"]
[EventType "swiss"]
[EventCountry "TUR"]
[SourceTitle "playchess.com"]
[Source "ChessBase"]
[SourceQuality "1"]

1. e4 c6 2. d4 d5 3. exd5 cxd5 4. Bd3 Nc6 5. c3 Nf6 6. Bf4 Bg4 7. Qb3 Qd7 8. Nd2 e6 9. Ngf3 Nh5 10. Ne5 Qc7 11. Be3 Nf6 12. h3 Bh5 13. O-O Bd6 14. f4 Bg6 15. f5 Bxf5 16. Bxf5 exf5 17. Rxf5 O-O 18. Nxc6 bxc6 19. Raf1 Rae8 20. Bg5 Nh5 21. Bh4 Bh2+ 22. Kh1 Ng3+ 23. Bxg3 Bxg3 24. Qd1 g6 25. Qg4 Re7 26. R5f3 Bd6 27. g3 f5 28. Rxf5 Rxf5 29. Rxf5 Bxg3 30. Kg2 Bh2 31. Rf2 Re3 32. Rf3 Re2+ 33. Rf2 Re3 34. Rf3 Re1 35. Rf1 Re2+ 36. Rf2 Rxf2+ 37. Kxf2 Qf4+ 38. Qxf4 Bxf4 39. Nb3 Bc7 40. Nd2 Kf7 41. Kf3 Kf6 42. c4 Kf5 43. cxd5 cxd5 44. b4 g5 45. Nb3 h5 46. b5 g4+ 47. hxg4+ hxg4+ 48. Kf2 Bb6 49. a4 Bd8 50. a5 Ke4 51. Nc5+ Kf5 52. a6 Bc7 53. Nd7 Ke6 54. b6 Bxb6 55. Nxb6 Kd6 56. Nc8+ Kc7 57. Nxa7 Kb6 58. Nc8+ Kxa6 59. Nd6 Ka5 60. Kg3 Kb4 61. Kxg4 Kc3 62. Nf5 1-0

[Event "Turkey Cup 2020"]
[Site "Antalya-Belek"]
[Date "2020.01.28"]
[Round "4.53"]
[White "Subasi, Cagrican"]
[Black "Atayman, Evren"]
[Result "1-0"]
[WhiteElo "1861"]
[BlackElo "1596"]
[Annotator "NA"]
[PlyCount "121"]
[EventDate "2020.01.26"]
[EventType "swiss"]
[EventCountry "TUR"]
[SourceTitle "playchess.com"]
[Source "ChessBase"]
[SourceQuality "1"]

1. e4 c5 2. Nf3 Nf6 3. Nc3 Nc6 4. d4 cxd4 5. Nxd4 e5 6. Ndb5 d6 7. Bg5 a6 8. Na3 b5 9. Nd5 Be7 10. Bxf6 Bxf6 11. c3 Rb8 12. Nc2 Bg5 13. Bd3 O-O 14. h4 Bh6 15. Qf3 Ne7 16. g4 Nxd5 17. exd5 Bf4 18. Nb4 Rb6 19. Rg1 f5 20. gxf5 Bxf5 21. Bxf5 Rxf5 22. Qg4 Qf6 23. a4 Rb8 24. axb5 axb5 25. Nc6 Re8 26. Ra7 Bh6 27. Ne7+ Rxe7 28. Rxe7 Qxe7 29. Qxf5 Qc7 30. Qd3 Qa5 31. Ke2 Qa4 32. b3 Qf4 33. Ra1 g6 34. Ra8+ Kg7 35. Ra7+ Kg8 36. Qf3 Qd2+ 37. Kf1 Bf4 38. Kg2 h5 39. c4 Qd4 40. Ra8+ Kh7 41. cxb5 Bh6 42. b6 Bg7 43. b7 e4 44. Qf7 e3 45. Rh8+ Kxh8 46. b8=Q+ Kh7 47. Qbg8+ Kh6 48. Qgxg7+ Qxg7 49. Qxg7+ Kxg7 50. fxe3 Kf6 51. Kf3 g5 52. hxg5+ Kxg5 53. b4 Kf6 54. b5 Ke7 55. Kf4 Kd7 56. Kg5 Kc7 57. Kxh5 Kb6 58. Kg5 Kxb5 59. Kf5 Kc4 60. Ke6 Kc5 61. e4 1-0

[Event "Turkey Cup 2020"]
[Site "Antalya-Belek"]
[Date "2020.01.28"]
[Round "4.54"]
[White "Suzan, Ufuk"]
[Black "Arslanargun, Zana"]
[Result "1-0"]
[WhiteElo "1861"]
[BlackElo "1755"]
[Annotator "NA"]
[PlyCount "74"]
[EventDate "2020.01.26"]
[EventType "swiss"]
[EventCountry "TUR"]
[SourceTitle "playchess.com"]
[Source "ChessBase"]
[SourceQuality "1"]

1. e4 c5 2. Nf3 d6 3. d3 Nc6 4. g3 Nf6 5. Bg2 g6 6. O-O Bg7 7. Nc3 O-O 8. h3 Nd4 9. Be3 e5 10. Ne1 Nh5 11. Nd5 Be6 12. c3 Bxd5 13. exd5 Nf5 14. Bd2 Ne7 15. Kh2 f5 16. f4 exf4 17. gxf4 a5 18. c4 Qd7 19. Bc3 Rfe8 20. Qd2 b5 21. Bxg7 Kxg7 22. b3 Ng8 23. Nf3 h6 24. d4 cxd4 25. cxb5 Qxb5 26. Nxd4 Qb6 27. Rac1 Rac8 28. Rc6 Rxc6 29. dxc6 Nhf6 30. Rc1 Ne4 31. Bxe4 Rxe4 32. Nf3 Qc7 33. a4 Ne7 34. Nd4 Nc8 35. Nxf5+ gxf5 36. Rg1+ Kh7 37. Qd5 Re5 1-0

[Event "Turkey Cup 2020"]
[Site "Antalya-Belek"]
[Date "2020.01.28"]
[Round "4.55"]
[White "Tutumlu, Ali"]
[Black "Aysoy, Veysi"]
[Result "1/2-1/2"]
[WhiteElo "1754"]
[BlackElo "1869"]
[Annotator "NA"]
[PlyCount "107"]
[EventDate "2020.01.26"]
[EventType "swiss"]
[EventCountry "TUR"]
[SourceTitle "playchess.com"]
[Source "ChessBase"]
[SourceQuality "1"]

1. e4 d5 2. exd5 Nf6 3. Nc3 Nxd5 4. Nxd5 Qxd5 5. Nf3 Nc6 6. Be2 e5 7. d3 Bg4 8. O-O Be7 9. h3 Bh5 10. c4 Qd6 11. Qb3 Rb8 12. Be3 O-O 13. a3 Kh8 14. Rfe1 a6 15. c5 Qe6 16. Qxe6 fxe6 17. g4 Bg6 18. Ng5 Bxg5 19. Bxg5 Nd4 20. Rac1 e4 21. dxe4 Bxe4 22. Rc3 Bd5 23. Be3 Nc6 24. f4 Ne7 25. Kh2 Bc6 26. Bc4 Bd5 27. Kg3 Rbd8 28. Bc1 Ng8 29. b4 Nf6 30. Bd3 Rfe8 31. g5 Nh5+ 32. Kg4 g6 33. Be4 Kg8 34. Rce3 Bxe4 35. Rxe4 Kf7 36. Bb2 Rd2 37. R1e2 Rxe2 38. Rxe2 Rd8 39. Kf3 Rd1 40. Be5 c6 41. Re3 Rd5 42. Ke4 Ke7 43. Rc3 Kd7 44. h4 Ke7 45. Rb3 Rd1 46. Kf3 Kf7 47. Ke2 Rd5 48. Kf3 Ng7 49. Bxg7 Kxg7 50. Ke3 e5 51. fxe5 Rxe5+ 52. Kf4 Rd5 53. Ke4 Kf7 54. Rd3 1/2-1/2

[Event "Turkey Cup 2020"]
[Site "Antalya-Belek"]
[Date "2020.01.28"]
[Round "4.56"]
[White "Yarar, Bora"]
[Black "Citil, Feyzullah"]
[Result "1-0"]
[WhiteElo "1871"]
[BlackElo "1636"]
[Annotator "NA"]
[PlyCount "75"]
[EventDate "2020.01.26"]
[EventType "swiss"]
[EventCountry "TUR"]
[SourceTitle "playchess.com"]
[Source "ChessBase"]
[SourceQuality "1"]

1. c4 e5 2. Nc3 f5 3. g3 Nf6 4. Bg2 c6 5. d3 d5 6. cxd5 Nxd5 7. Nf3 Bb4 8. Qc2 O-O 9. O-O Nxc3 10. bxc3 Bd6 11. c4 c5 12. Bb2 Nc6 13. e3 Qe7 14. Bc3 Be6 15. Qb2 e4 16. dxe4 Bxc4 17. Rfd1 fxe4 18. Ng5 Bd3 19. Nxe4 Bxe4 20. Bxe4 Qxe4 21. Rxd6 Rf7 22. Rad1 Raf8 23. Rd7 Qg4 24. h3 Qf5 25. Rxf7 Rxf7 26. h4 Rd7 27. Qb3+ Kf8 28. Rxd7 Qxd7 29. Qc4 Qd6 30. Qe4 b5 31. Qxh7 Ne5 32. Qf5+ Nf7 33. Qc8+ Nd8 34. Ba5 Ke7 35. Bxd8+ Qxd8 36. Qxc5+ Ke6 37. Qxb5 Qd1+ 38. Kg2 1-0

[Event "Turkey Cup 2020"]
[Site "Antalya-Belek"]
[Date "2020.01.28"]
[Round "4.57"]
[White "Hatipoglu, Metin"]
[Black "Yarar, Muammer Atakan"]
[Result "1-0"]
[WhiteElo "1570"]
[BlackElo "1812"]
[Annotator "NA"]
[PlyCount "77"]
[EventDate "2020.01.26"]
[EventType "swiss"]
[EventCountry "TUR"]
[SourceTitle "playchess.com"]
[Source "ChessBase"]
[SourceQuality "1"]

1. e4 c5 2. Nf3 Nc6 3. d4 cxd4 4. Nxd4 Nf6 5. Nc3 e5 6. Ndb5 d6 7. Na3 Bg4 8. f3 Be6 9. Bg5 Be7 10. Bxf6 gxf6 11. Nd5 O-O 12. Nc4 Rc8 13. Nxe7+ Qxe7 14. Ne3 a6 15. c3 Kh8 16. Qd2 Qd7 17. Nd5 Bxd5 18. Qxd5 Ne7 19. Qd2 f5 20. exf5 Nxf5 21. Bd3 Ng7 22. O-O-O f5 23. Bc2 Rc6 24. Rhe1 Qe7 25. Kb1 Ne6 26. Bb3 Nc5 27. Bd5 Rb6 28. g4 fxg4 29. fxg4 Qf6 30. Rf1 Qxf1 31. Rxf1 Rxf1+ 32. Kc2 Rf4 33. b4 Nd7 34. Qe3 Rb5 35. Be6 Nb6 36. Qh3 Rf6 37. g5 Rg6 38. Qf5 Rxe6 39. Qf8# 1-0

[Event "Turkey Cup 2020"]
[Site "Antalya-Belek"]
[Date "2020.01.28"]
[Round "4.58"]
[White "Tum, Hakan"]
[Black "Ozturk, Oguzhan"]
[Result "1-0"]
[WhiteElo "1852"]
[BlackElo "1630"]
[Annotator "NA"]
[PlyCount "149"]
[EventDate "2020.01.26"]
[EventType "swiss"]
[EventCountry "TUR"]
[SourceTitle "playchess.com"]
[Source "ChessBase"]
[SourceQuality "1"]

1. d4 Nf6 2. Nf3 d5 3. b3 Bf5 4. Bb2 e6 5. Nbd2 Bd6 6. e3 O-O 7. Bd3 Ne4 8. Bxe4 dxe4 9. Ng1 Qg5 10. g3 Nd7 11. Qe2 Nb6 12. h4 Qg6 13. h5 Qg5 14. Rh4 Nd5 15. O-O-O Nf6 16. Nh3 Bxh3 17. Rxh3 Qa5 18. Kb1 Bb4 19. Nc4 Qf5 20. Rh4 Nd5 21. Nd2 Bxd2 22. Qxd2 Nf6 23. Qe2 h6 24. Rdh1 c6 25. Ba3 Rfe8 26. Bd6 Qd5 27. Be5 b5 28. Bxf6 gxf6 29. Qg4+ Kf8 30. Qf4 Ke7 31. Qxh6 a5 32. Rf4 f5 33. Qg5+ Kd6 34. Rfh4 a4 35. Qf4+ e5 36. Qxf5 axb3 37. cxb3 Ra3 38. Qxe4 Qxe4+ 39. Rxe4 Rea8 40. dxe5+ Ke6 41. Rc1 Rxa2 42. Rf4 R8a3 43. Rxc6+ Kxe5 44. Rc5+ Ke6 45. Rxb5 Re2 46. Rb6+ Ke7 47. Rb7+ Ke6 48. Ra4 Rxa4 49. bxa4 Rxf2 50. Rb2 Rf1+ 51. Ka2 Rh1 52. g4 Kd5 53. Kb3 Rg1 54. Rh2 Rxg4 55. h6 Rg8 56. h7 Rh8 57. Kc3 Ke4 58. Kd2 Kf3 59. Kd3 Rd8+ 60. Kc4 Rh8 61. Kd4 f6 62. Rh6 Kg4 63. Kd5 Kg5 64. Rh2 Kg6 65. Ke6 Re8+ 66. Kd7 Rh8 67. Ke7 Kg7 68. Rg2+ Kh6 69. Kxf6 Rf8+ 70. Ke7 Rh8 71. Rh2+ Kg6 72. a5 Kf5 73. a6 Kg6 74. e4 Kg7 75. a7 1-0

[Event "Turkey Cup 2020"]
[Site "Antalya-Belek"]
[Date "2020.01.28"]
[Round "4.59"]
[White "Yilmaz, Serkan"]
[Black "Canbulan, Arda"]
[Result "1-0"]
[WhiteElo "1602"]
[BlackElo "1840"]
[Annotator "NA"]
[PlyCount "59"]
[EventDate "2020.01.26"]
[EventType "swiss"]
[EventCountry "TUR"]
[SourceTitle "playchess.com"]
[Source "ChessBase"]
[SourceQuality "1"]

1. e4 e5 2. Nf3 Nc6 3. d4 exd4 4. Nxd4 Qh4 5. Nc3 Bb4 6. Qd3 Nf6 7. Nxc6 dxc6 8. Bd2 Bxc3 9. Bxc3 O-O 10. Bxf6 Qxf6 11. Be2 Qxb2 12. O-O b6 13. f4 Qf6 14. e5 Qf5 15. Qc3 Bb7 16. Bd3 Qe6 17. f5 Qd5 18. Rae1 Rad8 19. Rf4 c5 20. Rg4 h5 21. Rg5 Qd4+ 22. Qxd4 Rxd4 23. Re3 Re8 24. Rxh5 Rg4 25. Reh3 Kf8 26. Rh8+ Ke7 27. f6+ gxf6 28. exf6+ Kd8 29. Rxe8+ Kxe8 30. Rh8+ 1-0

[Event "Turkey Cup 2020"]
[Site "Antalya-Belek"]
[Date "2020.01.28"]
[Round "4.60"]
[White "Cam, Vedat"]
[Black "Turan, Fatih"]
[Result "1-0"]
[WhiteElo "1879"]
[BlackElo "1354"]
[Annotator "NA"]
[PlyCount "109"]
[EventDate "2020.01.26"]
[EventType "swiss"]
[EventCountry "TUR"]
[SourceTitle "playchess.com"]
[Source "ChessBase"]
[SourceQuality "1"]

1. d4 Nf6 2. Nf3 g6 3. g3 Bg7 4. Bg2 O-O 5. c4 c5 6. d5 d6 7. Nc3 a6 8. O-O e6 9. a4 exd5 10. cxd5 Re8 11. Nd2 Nbd7 12. e4 b6 13. f4 Rb8 14. Nc4 Qe7 15. Qc2 Ng4 16. h3 Ngf6 17. Kh2 b5 18. axb5 axb5 19. Nd2 b4 20. Nd1 Nb6 21. Nf2 Bd7 22. Ra5 Ra8 23. Rxa8 Rxa8 24. Nf3 Bb5 25. Re1 Ra2 26. e5 Nfxd5 27. exd6 Qxd6 28. Ne4 Qc7 29. Nxc5 b3 30. Qf2 Nb4 31. Ne5 Nc4 32. Nxc4 Bxc4 33. Re8+ Bf8 34. Qd4 Bb5 35. Rxf8+ Kxf8 36. Qxb4 Qa5 37. Ne6+ Ke8 38. Qxb5+ Qxb5 39. Nc7+ Kd7 40. Nxb5 Ra6 41. Be3 Re6 42. Bd4 h6 43. g4 f5 44. Kg3 h5 45. Bd5 Re1 46. Bxb3 Kc6 47. Bc4 Re4 48. gxh5 gxh5 49. b3 h4+ 50. Kf3 Re8 51. Bf6 Rb8 52. Bxh4 Rh8 53. Nd4+ Kc5 54. Nxf5 Rh5 55. Kg4 1-0

[Event "Turkey Cup 2020"]
[Site "Antalya-Belek"]
[Date "2020.01.28"]
[Round "4.61"]
[White "Yavic, Adnan"]
[Black "Bek, Emir"]
[Result "1/2-1/2"]
[WhiteElo "1590"]
[BlackElo "1829"]
[Annotator "NA"]
[PlyCount "150"]
[EventDate "2020.01.26"]
[EventType "swiss"]
[EventCountry "TUR"]
[SourceTitle "playchess.com"]
[Source "ChessBase"]
[SourceQuality "1"]

1. e4 d6 2. d4 g6 3. Nc3 Bg7 4. f4 Nd7 5. Nf3 e6 6. Bc4 Ne7 7. O-O O-O 8. Be3 c6 9. a4 d5 10. Bb3 Nf6 11. e5 Ng4 12. Bf2 Nf5 13. Qe2 b6 14. h3 Nxf2 15. Qxf2 a5 16. Rfe1 Ba6 17. Nd1 Rc8 18. c3 c5 19. Bc2 Ne7 20. Ne3 Nc6 21. Rad1 Bh6 22. Ng4 Bg7 23. Ng5 h5 24. Nh2 Bh6 25. h4 cxd4 26. g4 d3 27. Bxd3 Bxd3 28. Rxd3 Bxg5 29. hxg5 Ne7 30. gxh5 Nf5 31. Ng4 gxh5 32. Nf6+ Kg7 33. Nxh5+ Kg6 34. Ng3 Nh4 35. Rd4 Rh8 36. Rf1 Rc4 37. Qc2+ Kg7 38. Qd3 Rxd4 39. Qxd4 Qg8 40. Qd3 Ng6 41. f5 Qh7 42. Rf2 Nf8 43. f6+ Kg8 44. Qxh7+ Rxh7 45. c4 Rh4 46. cxd5 exd5 47. Nf5 Rg4+ 48. Rg2 Rxg2+ 49. Kxg2 Kh7 50. Ne7 Nd7 51. Nxd5 Kg6 52. Kf3 Kxg5 53. Ke4 Nc5+ 54. Kd4 Ne6+ 55. Ke4 Nc5+ 56. Kd4 Ne6+ 57. Kc3 Kf5 58. Nxb6 Kxe5 59. Nc4+ Kxf6 60. Nxa5 Ke5 61. Nc4+ Kd5 62. b4 f6 63. a5 Nc7 64. Kd3 Kc6 65. Na3 Kd5 66. b5 Kc5 67. b6 Na6 68. Nc4 Kb5 69. Kd4 f5 70. b7 Kc6 71. Ke5 Kxb7 72. Kxf5 Kc6 73. Ke4 Kb5 74. Kd3 Nc5+ 75. Kc3 Nb7 1/2-1/2

[Event "Turkey Cup 2020"]
[Site "Antalya-Belek"]
[Date "2020.01.28"]
[Round "4.62"]
[White "Keser, Murat"]
[Black "Ozeler, Nedim"]
[Result "1-0"]
[WhiteElo "1847"]
[BlackElo "1667"]
[Annotator "NA"]
[PlyCount "49"]
[EventDate "2020.01.26"]
[EventType "swiss"]
[EventCountry "TUR"]
[SourceTitle "playchess.com"]
[Source "ChessBase"]
[SourceQuality "1"]

1. e4 g6 2. Nf3 d6 3. d4 Bg7 4. h3 Nd7 5. Nc3 Ngf6 6. Bc4 O-O 7. e5 Ne8 8. e6 fxe6 9. Bxe6+ Kh8 10. Ng5 Nef6 11. h4 Nb6 12. h5 Bxe6 13. Nxe6 Qe8 14. h6 Bxh6 15. Bxh6 Rf7 16. Qd3 Qg8 17. Ne4 Ng4 18. N6g5 Rf5 19. f3 Nf6 20. g4 Ra5 21. Qc3 Rxa2 22. Rxa2 Qxa2 23. Nxf6 Qb1+ 24. Kf2 Qxh1 25. Nf7# 1-0